Lord of the Rings by letter - A - Statistics

General Stats
  • This quiz has been taken 2,146 times
    1,573 since last reset
  • The average score is 8 of 15
Answer Stats
Hint Answer % Correct
Member of the Fellowship of the Ring Aragorn II
100%
Elrond's daughter, the wife of Aragorn Arwen Undomiel
90%
Father of previous answer Arathorn II
88%
A white jewel from Erebor, craved by Thorin Oakenshield Arkenstone
70%
The leader of the Nazgul originally comes from this location Angmar
69%
The Great River Anduin
59%
The Reforged Sword Anduril
58%
The Pale Orc Azog
55%
Ancient kingdom; the northern counterpart of Gondor Arnor
45%
Another name for Kingsfoil, a weed with healing properties Athelas
43%
Weathertop Amon Sul
42%
Previous name of Minas Tirith, when Minas Ithil was its counterpart Minas {Anor}
37%
Hill of Sight Amon Hen
34%
The Pillars of the King Argonath
29%
Hill of Hearing Amon Lhaw
11%
No matching quizzes found
Score Distribution
Percent of People with Each Score
Percentile by Number Answered
Your Score History
You have not taken this quiz since the last reset